| 000 | 00594nam a2200181 i 4500 | ||
|---|---|---|---|
| 001 | 94947 | ||
| 003 | ES-MaACL | ||
| 005 | 20230906181609.0 | ||
| 007 | t| | ||
| 008 | 050518s1981 pr ||||1| spa d | ||
| 100 | 1 |
_aLuiña de Latimer, Angelica. _974675 |
|
| 245 | 1 | 0 |
_aSelecciones palesianas / _cAngelica Luiña de Latimer, René Torres Delgado. |
| 260 |
_aPuerto Rico : _bCarlos F. Mendoza Tió, _c1981. |
||
| 300 |
_a48 p. ; _c28 cm. |
||
| 500 | _3Al margen: revista de las Artes. Suplemento Num. 2 | ||
| 700 | 1 |
_aTorres Delgado, René. _9110947 |
|
| 852 |
_aES-MaACL _j2126-F-28 _bR.105392 |
||
| 999 |
_c94947 _d94947 |
||